| 000 | 00924cam a2200253 i 4500 | ||
|---|---|---|---|
| 001 | 4178045 | ||
| 003 | ARRUPE | ||
| 005 | 20141210104849.0 | ||
| 008 | 790314s1971 rh a 000 0 eng | ||
| 010 | _a 79300753 | ||
| 040 |
_aDLC _cDLC _dDLC |
||
| 043 |
_af-rh--- _af-mw--- _af-za--- |
||
| 050 | 0 | 0 |
_aSPC DT948 _b.R53 |
| 082 | 0 | 0 | _a968.9/1 |
| 245 | 0 | 0 |
_aRhodesian tapestry : _ba history in needlework / _cembroidered by women's institutes of Rhodesia ; text by Oliver Ransford ; compiled by Louis W. Bolze ; colour photography by Graham Whistler. |
| 260 |
_aBulawayo : _bBooks of Rhodesia Pub. Co., _c1971. |
||
| 300 |
_a95 p. : _bcol. ill. ; _c22 cm. |
||
| 650 | 0 |
_aTapestry _zZimbabwe. _913140 |
|
| 651 | 0 |
_aZimbabwe _xHistory _xMiscellanea. _913141 |
|
| 700 | 1 |
_aRansford, Oliver, _d1914- _99563 |
|
| 700 | 1 |
_aBolze, Louis W., _d1919- _913142 |
|
| 906 |
_a7 _bcbc _corignew _d4 _encip _f19 _gy-gencatlg |
||
| 942 |
_2lcc _cSPC |
||
| 999 |
_c121413 _d121413 |
||